Bicentenario del nacimiento del general Francisco de Paula Santander : (Record no. 6762)
[ view plain ]
| 000 -CABECERA | |
|---|---|
| campo de control de longitud fija | 00645cam a2200169 a 4500 |
| 001 - NÚMERO DE CONTROL | |
| campo de control | 000006978 |
| 005 - FECHA Y HORA DE LA ÚLTIMA TRANSACCIÓN | |
| campo de control | 20200929154033.0 |
| 008 - DATOS DE LONGITUD FIJA--INFORMACIÓN GENERAL | |
| campo de control de longitud fija | 960508s1992 ck a rb 000 0dspa |
| 040 ## - FUENTE DE LA CATALOGACIÓN | |
| Centro catalogador/agencia de origen | DO-SdBNP |
| Lengua de catalogación | spa |
| Centro/agencia transcriptor | BNPHU |
| 082 ## - NÚMERO DE LA CLASIFICACIÓN DECIMAL DEWEY | |
| Número de clasificación | 923.586 |
| Número de documento/Ítem | S678b |
| 245 00 - MENCIÓN DE TÍTULO | |
| Título | Bicentenario del nacimiento del general Francisco de Paula Santander : |
| Resto del título | 2 de abril de 1792 -- 2 de abril de 1992 /. |
| 260 ## - PUBLICACIÓN, DISTRIBUCIÓN, ETC. | |
| Lugar de publicación, distribución, etc. | Santafé de Bogotá : |
| Nombre del editor, distribuidor, etc. | Kelly, |
| Fecha de publicación, distribución, etc. | 1992. |
| 300 ## - DESCRIPCIÓN FÍSICA | |
| Extensión | 176 p. : |
| Otras características físicas | il. ; |
| Dimensiones | 24 cm. |
| 490 1# - MENCIÓN DE SERIE | |
| Mención de serie | Sociedad Santanderista de Colombia |
| 600 14 - PUNTO DE ACCESO ADICIONAL DE MATERIA--NOMBRE DE PERSONA | |
| Nombre de persona | SANTANDER, FRANCISCO DE PAULA, |
| Fechas asociadas al nombre | 1792-1840 |
| Subdivisión general | HOMENAJES PÓSTUMOS |
| 9 (RLIN) | 19395 |
| 830 #0 - PUNTO DE ACCESO ADICIONAL DE SERIE-TÍTULO UNIFORME | |
| Título uniforme | Sociedad Santanderista de Colombia |
| 9 (RLIN) | 19396 |
| Estado de retiro | Estado de pérdida | Restricciones de uso | No para préstamo | Código de colección | Localización permanente | Ubicación/localización actual | Ubicación en estantería | Fecha de adquisición | Número de inventario | Total de préstamos | Signatura topográfica completa | Código de barras | Fecha visto por última vez | Precio válido a partir de | Tipo de ítem Koha | Número de copia |
|---|---|---|---|---|---|---|---|---|---|---|---|---|---|---|---|---|
| Excluido de préstamo | Monografías: Libros y Folletos | General | General | Depósito | 03.09.2009 | LF1 | 923.586 S678b | 6978-10 | 25.06.2020 | 25.06.2020 | No se presta | |||||
| Extraviado | Excluido de préstamo | Monografías: Libros y Folletos | General | General | Extraviado | 03.09.2009 | LF1 | 923.586 S678b | 6978-20 | 25.06.2020 | 25.06.2020 | No se presta | e. 2 | |||
| Extraviado | Monografías: Libros y Folletos | General | General | Extraviado | 22.05.2017 | LF1 | 923.586 S678b | 6978-30 | 25.06.2020 | 25.06.2020 | Préstamo en sala | e. 3 | ||||
| Extraviado | Monografías: Libros y Folletos | General | General | Extraviado | 22.05.2017 | LF1 | 923.586 S678b | 6978-40 | 25.06.2020 | 25.06.2020 | Préstamo en sala | e. 4 |
